01191nam a2200301Ia 4500001001200000003000800012006001900020007001500039008004100054010001700095020001500112020002200127020001800149040002100167035002100188050002600209100003300235245012400268260004800392300002300440533015200463650004800615651003900663655002900702710001700731856012600748999001500874ebr10279267CaPaEBRm u cr cn|||||||||790404s1980 nyub s 000 0 eng d z 79014476  z0195025911 z019502592X (pbk.) z9780195025927 aCaPaEBRcCaPaEBR a(OCoLC)25258352914aE185.92b.K466 1980eb1 aKennedy, Theodore R.,d1936-10aYou gotta deal with ith[electronic resource] :bBlack family relations in a Southern community /cTheodore R. Kennedy. aNew York :bOxford University Press,c1980. avi, 215 p. :bmap. aElectronic reproduction.bPalo Alto, Calif. :cebrary,d2009.nAvailable via World Wide Web.nAccess may be limited to ebrary affiliated libraries. 0aAfrican American familieszSouthern States. 0aSouthern StatesxRural conditions. 7aElectronic books.2local2 aebrary, Inc.40uhttp://site.ebrary.com/lib/rucke/Doc?id=10279267zAn electronic book accessible through the World Wide Web; click to view c3830d3830